Statistiques concernant Culture générale : l'Alsace #1

Cliquez ici pour prendre le quiz!

Statistiques générales

  • Ce quiz a été pris 323 fois
  • Le résultat moyen est 11 sur 15

Statistiques - réponses

QuestionRéponse% Correct
Capitale de la régionStrasbourg
100%
Plat traditionnel a base de chou fermentéLa Choucroute
98%
Fleuve qui trace la frontière avec l'AllemagneLe Rhin
98%
2e plus grande villeMulhouse
93%
Chaîne de montagne présente a l'ouest de la régionLes Vosges
92%
Animal symbole de l'AlsaceLa Cigogne
89%
Ville d'où est originaire Auguste BartholdiColmar
87%
Club de foot de StrasbourgRacing Club de Strasbourg Alsace
87%
Type de maison traditionnelles alsacienneMaison a colombage
79%
Célèbre route passant par de nombreux villages typiques alsaciensLa route des vins
68%
Rivière traversant l'alsaceL'Ill
60%
Plus haut sommet d'AlsaceLe Grand Ballon
55%
Nom de famille le plus courant en AlsaceMeyer
43%
Médecin et théologien prix nobel de la paix en 1952Albert Schweitzer
31%
Couleurs du drapeau alsacienBlanc et Rouge
30%

Distribution des résultats

Percentile par nombre de réponses

% des personnes avec chaque résultat

Votre développement - résultats

Vous n’avez pas pris ce quiz